000 00755cab a2200241 4500
001 ABS44382
008 090401t1991 xxu||||| |||| 00| 0 eng d
035 _a(Sirsi) u46843
041 _aeng
100 _aGriffith, A.
245 4 _aThe management of small works and minor maintenance projects
260 _c1991
350 _a0
490 _aConstruction Maintenance & Repair
_v5(2) March/April 1991, 8-10 (3)
520 _aOutlines the objectives and methods of the research on this subject, started in January 1991, conducted by LINK CMR .
650 _aDOE
650 _aProcurement-old
650 _aSERC
690 _aBUILDING AND CONSTRUCTION-REPAIRS AND MAINTENANCE
700 _aCampbell, C.
942 _n0
948 _c04/03/1997
999 _c29575
_d29575